LEADER 00622naa a2200145 i 4500 001 000000317795 003 CaOOAMICUS 005 20180831173235.0 008 180831n it u000 u ita u 013 $a27032 040 $aSeMil$bita 245 13$aIl contesta storico-culturale del Concilio Vaticano II. 650 4$aConcilio Vaticano II <1962-1965> - Storia.$0(OLS)http://semarc/subject/547 773 0 $tCome si è giunti al Concilio Vaticano 2..$dMilano : Massimo, 1988.$kProblemi del nostro tempo$z88-7030-471-X$gp.84-110$w()68385 996 $6245$aIl contesta storico-culturale del Concilio Vaticano II$9(OLS)http://semarc/title/391717 LEADER 01320nam a2200241 i 4500 001 000000053616 003 CaOOAMICUS 005 20050622000000.0 008 050622s1973 it u000 u ita u 013 $a24788 040 $aSeMil$bita 245 10$aAntica tradizione e inesauribile vitalità industriale della Provincia di Varese :$braccolta di note monografiche su aziende ultracentenarie /$ca cura di Giuseppe Meazza. 250 $aEd. fuori commercio. 260 $a[S.l. :$bs.n.],$cstampa 1973$e(Busto Arsizio :$fArti Grafiche Baratelli,$gstampa 1973) 300 $a156 p. :$briccamente ill. ;$c31 cm. 500 $aIn testa al front. : Camera di Commercio Industria Artigianato e Agricoltura di Varese. - In preliminari : Dedica autografa dell'Autore. 650 4$aVarese - Industrie.$0(OLS)http://semarc/subject/11028 700 1 $aMeazza, Giuseppe.$0(OLS)http://semarc/name/26486 850 $aSeMil 852 $aSeMil$W1$xVenegono$y1$m3P VI 288$j19770$B19770$CSeMilBibl$Z2$F19772 $81 961 $aOmaggio: Pelizzi Carla ved. Ferrari 996 $6245$aAntica tradizione e inesauribile vitalità industriale della Provincia di Varese :$braccolta di note monografiche su aziende ultracentenarie$9(OLS)http://semarc/title/82644 996 $6260$a[S.l. :$bs.n.]$9(OLS)http://semarc/publisher/29751